LIZZIE ETHAN (Record no. 459)
[ view plain ]
| 000 -LEADER | |
|---|---|
| fixed length control field | 00476nam a22001457a 4500 |
| 020 ## - INTERNATIONAL STANDARD BOOK NUMBER | |
| ISBN | 81-286-0842-8 |
| 082 ## - DEWEY DECIMAL CLASSIFICATION NUMBER | |
| Classification number | 823 |
| Item number | JON/L |
| 100 ## - MAIN ENTRY--AUTHOR NAME | |
| Personal name | LIZZIE MCGUIRE |
| 245 ## - TITLE STATEMENT | |
| Title | LIZZIE ETHAN |
| 260 ## - PUBLICATION, DISTRIBUTION, ETC. (IMPRINT) | |
| Place of publication | MUMBAI |
| Name of publisher | EURO BOOKS INTERNATIONAL |
| Year of publication | 2007 |
| 300 ## - PHYSICAL DESCRIPTION | |
| Number of Pages | 152 |
| 520 ## - SUMMARY, ETC. | |
| Summary, etc | Lizzie McGuire runs into problems when she uses her best friend Gordo to tutor Ethan Craft in math in order to be near Ethan with whom she has fallen in love. |
| 650 ## - SUBJECT ADDED ENTRY--TOPICAL TERM | |
| Topical Term | TRUE LOVE IS HARD WORK |
| 942 ## - ADDED ENTRY ELEMENTS (KOHA) | |
| Koha item type | Books |
| Withdrawn status | Lost status | Collection code | Home library | Current library | Shelving location | Date acquired | Source of acquisition | Cost, normal purchase price | Full call number | Accession Number | Koha item type |
|---|---|---|---|---|---|---|---|---|---|---|---|
| Fiction | Main Library | Main Library | On Display | 04/02/2019 | purchase | 50.00 | 823 JON/L | 10992 | Books |